Countries Most Similar To Bhutan - Statistics

General Stats
  • This quiz has been taken 69 times
  • The average score is 14 of 20
Answer Stats
Rank Country Score % Correct
4 India 56.8
100%
1 Nepal 68.5
96%
2 Myanmar 61.7
94%
12 China 52
92%
3 Laos 57
90%
11 Pakistan 52.2
88%
8 Bangladesh 52.9
84%
9 Mongolia 52.7
84%
10 Sri Lanka 52.2
84%
13 Thailand 51.8
84%
16 Vietnam 51.3
84%
7 Cambodia 54.1
82%
6 Indonesia 54.5
78%
5 Malaysia 54.5
74%
18 Philippines 50.6
64%
20 Brunei 50.2
60%
15 Kyrgyzstan 51.6
48%
14 Papua New Guinea 51.8
28%
19 Bolivia 50.3
8%
17 Vanuatu 51.2
6%
No matching quizzes found
Score Distribution
Percent of People with Each Score
Percentile by Number Answered
Your Score History
You have not taken this quiz